Champions League Top Goal Scorers by Season - Sudden Death - Statistics

General Stats
  • This quiz has been taken 50 times
  • The average score is 6 of 15
Answers on the Grid
Answers color-coded by a green-red scale on the quiz's grid according to % correct below.
Alessandro Del Piero
Andriy Shevchenko
Cristiano Ronaldo
Dider Drogba
Diego Costa
Erling Haaland
Francesco Totti
George Weah
Harry Kane
Kaká
Karim Benzema
Kylian Mbappé
Lionel Messi
Luis Suarez
Marco van Basten
Miroslav Klose
Mohamed Salah
Neymar
Olivier Giroud
Raheem Sterling
Robert Lewandowski
Robin van Persie
Romário
Ronaldinho
Ruud van Nistelrooy
Sadio Mane
Sergio Aguero
Thierry Henry
Wayne Rooney
Zlatan Ibrahimovic
 
Answer Stats
Answer % Correct
Cristiano Ronaldo
90%
Lionel Messi
76%
Karim Benzema
72%
Erling Haaland
66%
Kylian Mbappé
62%
Robert Lewandowski
62%
Harry Kane
48%
Andriy Shevchenko
38%
Ruud van Nistelrooy
31%
Kaká
24%
Marco van Basten
24%
Neymar
24%
Alessandro Del Piero
17%
Romário
7%
George Weah
3%
No matching quizzes found
Score Distribution
Percent of People with Each Score
Percentile by Number Answered
Your Score History
You have not taken this quiz